Công nghiệp hóa từ nông nghiệp Lý luận thực tiễn và triển vọng áp dngụ ở Việt Nam

Đã lưu trong:
書目詳細資料
主要作者: Đặng Kim Sơn
格式: 圖書
語言:Undetermined
出版: H. Nông Nghiệp 2001
主題:
標簽: 添加標簽
沒有標簽, 成為第一個標記此記錄!
Thư viện lưu trữ: Trung tâm Học liệu Trường Đại học Cần Thơ
LEADER 00641nam a2200193Ia 4500
001 CTU_50108
008 210402s9999 xx 000 0 und d
082 |a 338.161 
082 |b S464 
100 |a Đặng Kim Sơn 
245 0 |a Công nghiệp hóa từ nông nghiệp 
245 0 |b Lý luận thực tiễn và triển vọng áp dngụ ở Việt Nam 
245 0 |c Đặng Kim Sơn 
260 |a H. 
260 |b Nông Nghiệp 
260 |c 2001 
650 |a vietnam,industrialization 
650 |x developing countries,agricultural aspetcs 
980 |a Trung tâm Học liệu Trường Đại học Cần Thơ